| 000 | 00889nam a2200265Ia 4500 | ||
|---|---|---|---|
| 003 | OSt | ||
| 005 | 20220927114818.0 | ||
| 006 | a|||||r|||| 00| 0 | ||
| 007 | ta | ||
| 008 | 220926b |||||||| |||| 00| 0 eng d | ||
| 024 | _a57965 | ||
| 037 | _cThesis and Dissertations | ||
| 040 |
_aRTL _cRTL _beng |
||
| 041 |
_2eng _aeng |
||
| 082 | _a"X: (B), M3" | ||
| 100 |
_aMetha Rajesh _9389372 |
||
| 110 |
_aUniversity of Delhi. Faculty of Management. Deptt of commerce (Delhi India) _9389373 |
||
| 245 | 0 | _aPooling of time series and cross section data for | |
| 260 |
_aDelhi _bUniversity of Delhi India _c1983 |
||
| 300 |
_a280p. _ccm. |
||
| 650 |
_aMathematics Economics _9354025 |
||
| 700 |
_aUniversity of Delhi. Faculty of Management. Deptt of commerce (Delhi India) _9389374 |
||
| 942 |
_h"X: (B), M3" _cCC |
||
| 999 |
_c705127 _d705127 |
||